00700 2200229 4500001002100000005001700021008004100038035002500079040001200104082000800116084001400124100002100138245012400159260003700283300003400320500002700354650002300381700002100404700001500425850001200440990001800452YOGYA-0209000002477520150707112002.0 ind  a0010-020900000024775 aYOPDYOG a091 a091 Tan K aTANJUNG, Zuraida aKajian sosiologi terhadap naskah Sutan Malin Demam /cpenulis, Zuraida Tanjung, Warisman Siraga; penyunting, Siti Maria aJakartabDepdikbud RIc1996/1997 axii, 130 hlm :bilus ;c21 cm aBibliografi : hlm. 127 aManuskrip - Kajian aSiraga, Warisman aSiti Maria aYOPDYOG a22273-pd/a.06